Christmas Movies by Picture - Statistics

General Stats
  • This quiz has been taken 30,426 times
  • The average score is 10 of 16
Answer Stats
Picture Answer % Correct
Home Alone
99%
How the Grinch Stole Christmas
98%
Elf
94%
The Polar Express
87%
The Nightmare Before Christmas
77%
Die Hard
72%
Gremlins
69%
Rudolph the Red-Nosed Reindeer
69%
A Christmas Carol
59%
The Santa Clause
51%
It's a Wonderful Life
50%
Bad Santa
47%
National Lampoon's Christmas Vacation
45%
A Christmas Story
44%
Love Actually
41%
A Madea Christmas
30%
No matching quizzes found
Score Distribution
Percent of People with Each Score
Percentile by Number Answered
Your Score History
You have not taken this quiz